000 00585nam a2200181 i 4500
001 bg
100 1 _aWEHR, Jerzy
245 1 0 _aPomiary prędkości i tłumienia fal ultradźwiękowych /
_cJerzy Wehr ; Instytut Podstawowych Problemów Techniki Polskiej Akademii Nauk.
260 _aWarszawa :
_bPańst. Wydaw. Naukowe,
_c1972.
300 _a197 s. :
_bfot., rys., wykr. ;
_c24 cm.
504 _aBibliogr. s. 192-194. Indeks.
650 9 _aUltradźwięki
_xpomiary
040 _cBPK
041 0 _apl
080 _a534.08
942 _cKS
008 s pl f |000 0 pol
999 _c37449
_d37449
856 _uhttp://koha.tu.koszalin.pl/cgi-bin/koha/opac-detail.pl?biblionumber=37449
_yKatalog online BPK